000 00822cam a2200253 a 4500
001 1921778
003 ARRUPE
005 20140402133748.0
008 850613s1984 bs af f000 0 eng
010 _a 85166089
040 _aDLC
_cDLC
_dDLC
043 _af-bs---
050 0 0 _aDT790
_b.P44 1984
082 0 0 _a968.1/1
_219
100 1 _aPfotenhauer, Linda.
_99698
245 1 0 _aBotswana in brief /
_cwritten and edited by Linda Pfotenhauer.
260 _a[Gaborone, Botswana] :
_bDept. of Information and Broadcasting,
_c1984.
300 _a84 p., 16 p. of plates :
_bill. (some col.) ;
_c15 cm.
651 0 _aBotswana.
_99699
710 1 _aBotswana.
_bDepartment of Information and Broadcasting.
_99700
906 _a0
_bcbu
_corignew
_d3
_encip
_f19
_gy-gencatlg
942 _2lcc
_cREFERENCE
999 _c120356
_d120356